Digital Signal Processing / (Record no. 8354)

000 -LEADER
fixed length control field 00695nam a2200241 a 4500
003 - CONTROL NUMBER IDENTIFIER
control field PK-NaQUE
005 - DATE AND TIME OF LATEST TRANSACTION
control field 20250615094944.0
008 - FIXED-LENGTH DATA ELEMENTS--GENERAL INFORMATION
fixed length control field 250615b ||||| |||| 00| 0 eng d
020 ## - INTERNATIONAL STANDARD BOOK NUMBER
International Standard Book Number 0131873741 (hardcover)
020 ## - INTERNATIONAL STANDARD BOOK NUMBER
International Standard Book Number 9780131873742 (hardcover)
040 ## - CATALOGING SOURCE
Transcribing agency QUEST
100 1# - MAIN ENTRY--PERSONAL NAME
Personal name Proakis, John G.
245 10 - TITLE STATEMENT
Title Digital Signal Processing /
250 ## - EDITION STATEMENT
Edition statement 4th ed.
260 ## - PUBLICATION, DISTRIBUTION, ETC. (IMPRINT)
Place of publication, distribution, etc [S.l.] :
Name of publisher, distributor, etc Prentice Hall,
Date of publication, distribution, etc 2013.
300 ## - PHYSICAL DESCRIPTION
Extent 1004 p. ;
490 1# - SERIES STATEMENT
Series statement 4th edition.
650 ## - SUBJECT ADDED ENTRY--TOPICAL TERM
Topical term or geographic name as entry element Signal processing -- Digital techniques.
650 ## - SUBJECT ADDED ENTRY--TOPICAL TERM
Topical term or geographic name as entry element Integrated Circuits
700 ## - ADDED ENTRY--PERSONAL NAME
Personal name Dimitris G Manolakis
856 40 - ELECTRONIC LOCATION AND ACCESS
Uniform Resource Identifier http://10.10.170.122:8080/browse/book/27557
Link text Download eBook
942 ## - ADDED ENTRY ELEMENTS (KOHA)
Koha item type Books
Source of classification or shelving scheme
Holdings
Withdrawn status Lost status Damaged status Not for loan Permanent Location Current Location Date acquired Cost, normal purchase price Total Checkouts Full call number Barcode Date last seen Date checked out Price effective from Koha item type Checked out
        Central Library, QUEST, Nawabshah Central Library, QUEST, Nawabshah 2014-07-23 896.00 5 621.369PRO 37252 2022-02-21 2021-11-22 2014-07-23 Books  
        Central Library, QUEST, Nawabshah Central Library, QUEST, Nawabshah 2014-07-23 896.00   621.369PRO 37253 2014-07-23   2014-07-23 Books  
        Central Library, QUEST, Nawabshah Central Library, QUEST, Nawabshah 2014-07-23 896.00 4 621.369PRO 37254 2024-04-15 2024-04-15 2014-07-23 Books 2024-04-15
        Central Library, QUEST, Nawabshah Central Library, QUEST, Nawabshah 2014-07-23 896.00 3 621.369PRO 37255 2019-10-23 2019-04-18 2014-07-23 Books  
        Central Library, QUEST, Nawabshah Central Library, QUEST, Nawabshah 2014-07-23 896.00 2 621.369PRO 37256 2017-11-13 2016-02-02 2014-07-23 Books  
        Central Library, QUEST, Nawabshah Central Library, QUEST, Nawabshah 2014-07-23 896.00 1 621.369PRO 37257 2017-10-17 2016-01-14 2014-07-23 Books  
        Central Library, QUEST, Nawabshah Central Library, QUEST, Nawabshah 2014-07-23 896.00 2 621.369PRO 37258 2025-10-23 2016-02-11 2014-07-23 Books  
        Central Library, QUEST, Nawabshah Central Library, QUEST, Nawabshah 2014-07-23 896.00 1 621.369PRO 37259 2018-10-03 2017-07-25 2014-07-23 Books  
        Central Library, QUEST, Nawabshah Central Library, QUEST, Nawabshah 2014-07-23 896.00 1 621.369PRO 37260 2018-11-19 2017-09-26 2014-07-23 Books  
        Central Library, QUEST, Nawabshah Central Library, QUEST, Nawabshah 2014-07-23 896.00 1 621.369PRO 37261 2019-10-22 2019-04-12 2014-07-23 Books  

Copyright © 2018,The QUEST, Nawabshah, Shaheed Benazirabad. All rights reserved
Mr. G. Farooq Channar (Librarian) QUEST, Nawabshah, Sindh, Pakistan 67480.
 Ph#: |   0244-9370381-4 Ext. 2308   Email| lib@quest.edu.pk   Web|  http://www.quest.edu.pk